[Event "Rottach Egern Seniors Cup 11th"]
[Site "Rottach Egern"]
[Date "2023.04.16"]
[Round "2"]
[White "Stierle, Martin"]
[Black "Hofene, Dieter"]
[Result "0-1"]
[WhiteElo "1899"]
[BlackElo "2069"]
[PlyCount "56"]
[EventDate "2023.04.15"]
[EventType "swiss"]
[EventRounds "9"]
[EventCountry "GER"]
[SourceTitle "EXT 2024"]
[Source "ChessBase"]
[SourceDate "2023.10.10"]
[SourceVersion "1"]
[SourceVersionDate "2023.10.10"]
[SourceQuality "1"]

1. d4 Nf6 2. c4 e6 3. Nc3 Bb4 4. f3 c5 5. d5 Bxc3+ 6. bxc3 d6 7. Bg5 e5 8. Qa4+ Qd7 9. Qc2 Qe7 10. e4 Nbd7 11. Nh3 h6 12. Be3 Nf8 13. Nf2 Ng6 14. Bd3 0-0 15. 0-0 Nh5 16. Rfe1 Nhf4 17. Bf1 f5 18. Bxf4 Nxf4 19. g3 Qg5 20. Kh1 Nh5 21. Nh3 Qg6 22. Qg2 fxe4 23. fxe4 Bd7 24. Nf2 Rf7 25. Rab1 Raf8 26. Nd3 b6 27. Be2 Nf6 28. Nf2 Nxd5 0-1

[Event "Muensterland Verbandsliga 2122"]
[Site "Germany"]
[Date "2021.11.13"]
[Round "2.1"]
[White "Gerighausen, Karl Heinz"]
[Black "Hofene, Dieter"]
[Result "0-1"]
[WhiteElo "1724"]
[BlackElo "1983"]
[PlyCount "76"]
[EventDate "2021.10.02"]
[EventType "team-tourn"]
[EventRounds "2"]
[EventCountry "GER"]
[SourceTitle "EXT 2023"]
[Source "ChessBase"]
[SourceDate "2022.10.05"]
[SourceVersion "1"]
[SourceVersionDate "2022.10.05"]
[SourceQuality "1"]
[WhiteTeam "Emsdetten Rochade II"]
[BlackTeam "Beelen"]
[WhiteTeamCountry "GER"]
[BlackTeamCountry "GER"]

1. d4 Nf6 2. Bf4 e6 3. e3 b6 4. Nf3 Bb7 5. Bd3 Be7 6. h3 0-0 7. Qe2 c5 8. c3 d6 9. Nbd2 a6 10. a4 Nbd7 11. 0-0 Qc7 12. e4 e5 13. Bh2 Rfe8 14. dxe5 dxe5 15. Rfd1 Bf8 16. Nf1 Qc6 17. N3d2 g6 18. Ne3 Bg7 19. f3 Bh6 20. Ndf1 Nh5 21. Nd5 Nf4 22. Bxf4 exf4 23. Qf2 c4 24. Bc2 g5 25. Nh2 Bf8 26. Ng4 h5 27. Nb4 Bxb4 28. cxb4 hxg4 29. hxg4 Ne5 30. g3 Qf6 31. gxf4 Qxf4 32. Kg2 Rad8 33. a5 Ng6 34. Ba4 b5 35. Bc2 Nh4+ 36. Kf1 Nxf3 37. e5 Nd2+ 38. Ke2 Rxe5+ 0-1

[Event "Muensterland Verbandsliga 2122"]
[Site "Germany"]
[Date "2021.10.02"]
[Round "1.1"]
[White "Melkert, Tim"]
[Black "Hofene, Dieter"]
[Result "0-1"]
[WhiteElo "1916"]
[BlackElo "1983"]
[PlyCount "72"]
[EventDate "2021.10.02"]
[EventType "team-tourn"]
[EventRounds "2"]
[EventCountry "GER"]
[SourceTitle "EXT 2023"]
[Source "ChessBase"]
[SourceDate "2022.10.05"]
[SourceVersion "1"]
[SourceVersionDate "2022.10.05"]
[SourceQuality "1"]
[WhiteTeam "Nienberge II"]
[BlackTeam "Beelen"]
[WhiteTeamCountry "GER"]
[BlackTeamCountry "GER"]

1. e4 e6 2. d4 d5 3. Nc3 Nf6 4. e5 Nfd7 5. f4 c5 6. Nf3 Nc6 7. Be3 a6 8. Qd2 b5 9. Bd3 b4 10. Nd1 c4 11. Be2 g6 12. h4 h5 13. Nf2 c3 14. Qc1 a5 15. a4 cxb2 16. Qxb2 Qb6 17. 0-0 Ba6 18. Bd3 Bxd3 19. Nxd3 Be7 20. Ng5 0-0 21. Rf3 Rfc8 22. Rg3 Nd8 23. f5 exf5 24. Nf4 Bxg5 25. Rxg5 Qc6 26. c4 bxc3 27. Qe2 Kf8 28. Rf1 Ne6 29. Nxg6+ fxg6 30. Rxg6 Nf4 31. Rxf4 Qxg6 32. Qf3 Kg7 33. Qxd5 Nf8 34. Rf1 Rab8 35. Qxa5 Rb2 36. Bg5 Qc6 0-1

[Event "Muensterland Verbandsliga 1920"]
[Site "Germany"]
[Date "2019.11.09"]
[Round "3.1"]
[White "Lerke, Bernd"]
[Black "Hofene, Dieter"]
[Result "0-1"]
[WhiteElo "1888"]
[BlackElo "1991"]
[PlyCount "86"]
[EventDate "2019.09.07"]
[EventType "team-tourn"]
[EventRounds "7"]
[EventCountry "GER"]
[SourceTitle "EXT 2023"]
[Source "ChessBase"]
[SourceDate "2022.10.05"]
[SourceVersion "1"]
[SourceVersionDate "2022.10.05"]
[SourceQuality "1"]
[WhiteTeam "Nordwalde"]
[BlackTeam "Beelen"]
[WhiteTeamCountry "GER"]
[BlackTeamCountry "GER"]

1. d4 Nf6 2. c4 e6 3. Nc3 Bb4 4. Qc2 0-0 5. Bg5 h6 6. Bd2 d6 7. Nf3 Nbd7 8. a3 Bxc3 9. Bxc3 Qe7 10. e4 e5 11. dxe5 dxe5 12. Be2 Re8 13. 0-0 b6 14. Rfe1 Bb7 15. Bf1 Nh5 16. Re3 Nf4 17. g3 Ng6 18. Bg2 Rad8 19. h4 Qe6 20. b3 Nf6 21. Rae1 a5 22. c5 Ba6 23. Bb2 Qd7 24. Rc3 Bd3 25. Qc1 Nxe4 26. h5 Nxg3 27. Rxd3 Qxd3 28. fxg3 e4 29. hxg6 exf3 30. gxf7+ Kxf7 31. Bf1 f2+ 32. Kxf2 Rxe1 33. Qxe1 Qc2+ 34. Kg1 Qxb2 35. Bc4+ Kf8 36. cxb6 cxb6 37. Qe6 Rd1+ 38. Bf1 Qf6 39. Qc8+ Kf7 40. Qc7+ Kg8 41. Qc8+ Qf8 42. Qc4+ Kh8 43. a4 Qxf1+ 0-1

[Event "Bad Wiessee Senioren Cup 8th"]
[Site "Bad Wiessee"]
[Date "2019.05.14"]
[Round "4"]
[White "Hofene, Dieter"]
[Black "Urban, Rudolf"]
[Result "1/2-1/2"]
[WhiteElo "2049"]
[BlackElo "1862"]
[PlyCount "119"]
[EventDate "2019.05.11"]
[EventType "swiss"]
[EventRounds "9"]
[EventCountry "GER"]
[SourceTitle "EXT 2020"]
[Source "ChessBase"]
[SourceDate "2019.10.17"]
[SourceVersion "1"]
[SourceVersionDate "2019.10.17"]
[SourceQuality "1"]

1. e4 d6 2. Bc4 Nf6 3. d3 g6 4. Nc3 Bg7 5. Nge2 c6 6. Bg5 Qa5 7. Qd2 b5 8. Bb3 Nbd7 9. 0-0 0-0 10. Nd5 Qd8 11. Nxf6+ Nxf6 12. Bh6 Bd7 13. Bxg7 Kxg7 14. Ng3 c5 15. c3 Qc7 16. Bc2 a5 17. f4 h5 18. f5 h4 19. Ne2 Nh5 20. Nf4 Nxf4 21. Qxf4 f6 22. fxg6 Rh8 23. Rf2 Rh6 24. d4 cxd4 25. cxd4 Be8 26. e5 dxe5 27. dxe5 Qxe5 28. Qd2 h3 29. Re1 Qc7 30. Qd5 Ra7 31. Bb3 Rh8 32. Rc2 Qb6+ 33. Qc5 Qxc5+ 34. Rxc5 Kxg6 35. Re3 Rh5 36. Rc8 Bf7 37. Rg3+ Rg5 38. Bxf7+ Kxf7 39. Rxg5 fxg5 40. Rc5 Kf6 41. Rxb5 hxg2 42. Kxg2 e5 43. Kf3 Kf5 44. Rb8 e4+ 45. Ke3 Rh7 46. Rb5+ Kg4 47. Kxe4 Rxh2 48. a4 Kh4 49. b3 Rb2 50. Kd3 g4 51. Kc3 Rb1 52. Rxa5 g3 53. Ra8 g2 54. Rg8 g1Q 55. Rxg1 Rxg1 56. Kc4 Rg4+ 57. Kb5 Rg5+ 58. Kb4 Rg4+ 59. Ka3 Rg5 60. Kb4 1/2-1/2

[Event "Muensterland Verbandsliga 1819"]
[Site "Germany"]
[Date "2018.11.24"]
[Round "4.2"]
[White "Hofene, Dieter"]
[Black "Junker, Axel"]
[Result "1-0"]
[WhiteElo "2001"]
[BlackElo "1928"]
[PlyCount "83"]
[EventDate "2018.09.01"]
[EventType "team-tourn"]
[EventRounds "9"]
[EventCountry "GER"]
[SourceTitle "EXT 2020"]
[Source "ChessBase"]
[SourceDate "2019.10.17"]
[SourceVersion "1"]
[SourceVersionDate "2019.10.17"]
[SourceQuality "1"]
[WhiteTeam "Beelen"]
[BlackTeam "Telgte"]
[WhiteTeamCountry "GER"]
[BlackTeamCountry "GER"]

1. e4 c6 2. Ne2 g6 3. Nbc3 Bg7 4. g3 d5 5. Bg2 dxe4 6. Nxe4 Bf5 7. N2c3 Nf6 8. Qe2 Nxe4 9. Nxe4 Bxe4 10. Qxe4 Nd7 11. 0-0 Nf6 12. Qe2 0-0 13. c3 Re8 14. d4 Qd7 15. f4 Rad8 16. a4 a5 17. Qc4 Qf5 18. Re1 Ra8 19. Re2 h5 20. Bd2 Qd7 21. Rae1 e6 22. Qc5 Nd5 23. Qc4 Rec8 24. Qb3 Bf8 25. Bh3 Re8 26. Qc2 f5 27. Bg2 Kf7 28. Bf3 Bd6 29. Rg2 Rh8 30. h4 Rhe8 31. Qd1 Rh8 32. Rge2 Rae8 33. Kh2 Qc7 34. Kh3 Qb6 35. Bc1 Nf6 36. Be3 Nd5 37. Bf2 Bb8 38. c4 Nc7 39. d5 c5 40. dxe6+ Kf6 41. Bd5 Re7 42. b4 1-0

[Event "Muensterland Regionalliga 1718"]
[Site "Germany"]
[Date "2017.09.02"]
[Round "1.2"]
[White "Ringwelski, Marius"]
[Black "Hofene, Dieter"]
[Result "1-0"]
[WhiteElo "1943"]
[BlackElo "1970"]
[PlyCount "95"]
[EventDate "2017.09.02"]
[EventType "team-tourn"]
[EventRounds "9"]
[EventCountry "GER"]
[SourceTitle "EXT 2019"]
[Source "ChessBase"]
[SourceDate "2018.10.10"]
[SourceVersion "1"]
[SourceVersionDate "2018.10.10"]
[SourceQuality "1"]
[WhiteTeam "Nienberge"]
[BlackTeam "Beelen"]
[WhiteTeamCountry "GER"]
[BlackTeamCountry "GER"]

1. d4 e6 2. c4 Nf6 3. Nf3 Bb4+ 4. Bd2 Qe7 5. Nc3 0-0 6. g3 d6 7. a3 Bxc3 8. Bxc3 Ne4 9. Qc2 Nxc3 10. Qxc3 Nc6 11. Bg2 e5 12. d5 Nb8 13. c5 Bg4 14. cxd6 cxd6 15. Rc1 Na6 16. 0-0 Rac8 17. Qe3 Bxf3 18. exf3 Ra8 19. Rfe1 Qd7 20. f4 Rfe8 21. fxe5 Rxe5 22. Qd4 Qe7 23. Rxe5 dxe5 24. d6 Qe6 25. Qd5 Rd8 26. Qxb7 Qxd6 27. Qxa7 Qd2 28. Rc6 Nb8 29. Rc7 Qxb2 30. Bd5 Qa1+ 31. Kg2 e4 32. Bxe4 Qe5 33. Bf3 Qd6 34. h3 g6 35. Qb7 Nd7 36. Rc8 Rf8 37. Bg4 f5 38. Bf3 Nf6 39. Rc7 Rd8 40. a4 Kf8 41. a5 g5 42. Rc6 Qe5 43. Qb4+ Kg7 44. Rc5 Qe6 45. g4 fxg4 46. hxg4 h6 47. Rc6 Qa2 48. Qe7+ 1-0

[Event "Berlin Lichtenrade op 12th"]
[Site "Berlin"]
[Date "2016.10.26"]
[Round "5"]
[White "Hofene, Dieter"]
[Black "Krefenstein, Sergej"]
[Result "1/2-1/2"]
[WhiteElo "2056"]
[BlackElo "2176"]
[PlyCount "83"]
[EventDate "2016.10.22"]
[EventType "swiss"]
[EventRounds "9"]
[EventCountry "GER"]
[SourceTitle "EXT 2018"]
[Source "ChessBase"]
[SourceDate "2017.10.13"]
[SourceVersion "1"]
[SourceVersionDate "2017.10.13"]
[SourceQuality "1"]

1. e4 e6 2. d4 d5 3. Nc3 Nf6 4. Bg5 Bb4 5. Nge2 h6 6. Bxf6 Qxf6 7. a3 Ba5 8. exd5 0-0 9. b4 Bb6 10. Qd3 Rd8 11. g3 exd5 12. Bg2 Bf5 13. Qd2 c6 14. 0-0 Nd7 15. Nd1 Qd6 16. Ne3 Bh7 17. c4 dxc4 18. Nxc4 Qf6 19. Rad1 Bc7 20. d5 cxd5 21. Qxd5 Rab8 22. Qf3 Qxf3 23. Bxf3 Bf5 24. Nd4 Bh3 25. Bg2 Bxg2 26. Kxg2 Ne5 27. Nxe5 Bxe5 28. Nb3 b6 29. a4 a6 30. a5 bxa5 31. Nxa5 Rdc8 32. Rc1 Bc3 33. Rfd1 Rxb4 34. Rd6 Rc5 35. Rd3 Rxa5 36. Rcxc3 Rab5 37. Rd8+ Kh7 38. Ra8 Rb6 39. Rc2 Kg6 40. Ra2 Rb3 41. R8xa6 Rxa6 42. Rxa6+ 1/2-1/2

[Event "Muensterland Verbandsliga 1516"]
[Site "Germany"]
[Date "2016.03.05"]
[Round "7.1"]
[White "Schulze Ameling, Hendrik"]
[Black "Hofene, Dieter"]
[Result "0-1"]
[WhiteElo "2003"]
[BlackElo "1963"]
[PlyCount "76"]
[EventDate "2015.09.12"]
[EventType "team"]
[EventRounds "9"]
[EventCountry "GER"]
[SourceTitle "EXT 2017"]
[Source "ChessBase"]
[SourceDate "2016.10.25"]
[SourceVersion "1"]
[SourceVersionDate "2016.10.25"]
[SourceQuality "1"]
[WhiteTeam "Ahaus Wessum"]
[BlackTeam "Beelen"]
[WhiteTeamCountry "GER"]
[BlackTeamCountry "GER"]

1. d4 Nf6 2. Nc3 d5 3. Bf4 c6 4. e3 Bf5 5. f3 Qb6 6. Bd3 Bxd3 7. Qxd3 e6 8. Nge2 Qa6 9. Qd2 Nbd7 10. 0-0 Nh5 11. Bg5 h6 12. Bh4 g5 13. Bf2 Bd6 14. e4 0-0-0 15. e5 Be7 16. a4 Bb4 17. Qe3 Nb6 18. Na2 Be7 19. b3 Nd7 20. b4 Qc4 21. b5 c5 22. c3 Ng7 23. Rfc1 Kb8 24. Qd2 h5 25. Qb2 Nf5 26. a5 g4 27. f4 h4 28. dxc5 g3 29. Bd4 Nxc5 30. Nb4 Nd3 31. Nxd3 gxh2+ 32. Kxh2 Qxd3 33. Bxa7+ Kxa7 34. b6+ Kb8 35. a6 h3 36. g3 Qf3 37. Ng1 Qxg3+ 38. Kh1 Qxf4 0-1

[Event "Muensterland Verbandsliga 1415"]
[Site "Germany"]
[Date "2015.04.18"]
[Round "8.1"]
[White "Hofene, Dieter"]
[Black "Schulze Ameling, Hendrik"]
[Result "1-0"]
[WhiteElo "1928"]
[BlackElo "2030"]
[PlyCount "81"]
[EventDate "2014.09.06"]
[EventType "team-tourn"]
[EventRounds "9"]
[EventCountry "GER"]
[SourceTitle "EXT 2016"]
[Source "ChessBase"]
[SourceDate "2015.10.08"]
[SourceVersion "1"]
[SourceVersionDate "2015.10.08"]
[SourceQuality "1"]
[WhiteTeam "Beelen"]
[BlackTeam "Ahaus Wessum"]
[WhiteTeamCountry "GER"]
[BlackTeamCountry "GER"]

1. e4 e6 2. d4 d5 3. Nc3 Nf6 4. e5 Nfd7 5. Qg4 c5 6. dxc5 Nxe5 7. Qg3 Nbc6 8. Nb5 a6 9. Nd6+ Bxd6 10. Qxg7 Bf8 11. Qxh8 Qa5+ 12. Bd2 Qxc5 13. Qxh7 Bd7 14. Be2 0-0-0 15. c3 Nc4 16. Nf3 e5 17. Bg5 Re8 18. 0-0 e4 19. Nd4 N6e5 20. b3 Nb2 21. Be3 Qd6 22. c4 Nbd3 23. Bxd3 Nxd3 24. Qxf7 Re5 25. c5 Qe7 26. Qxe7 Bxe7 27. Ne2 Kd8 28. b4 Nxb4 29. Rab1 Nc2 30. Bf4 Rf5 31. Rxb7 Bxc5 32. g4 Rf8 33. Rc1 Nd4 34. Rb8+ Ke7 35. Nxd4 Rxb8 36. Bxb8 Bxd4 37. Rd1 e3 38. fxe3 Bxe3+ 39. Kg2 Bc6 40. Kg3 d4 41. Bf4 1-0

[Event "Muensterland Verbandsliga 1314"]
[Site "Germany"]
[Date "2014.05.03"]
[Round "9.1"]
[White "Hofene, Dieter"]
[Black "Wienen, Hermann"]
[Result "1/2-1/2"]
[WhiteElo "1995"]
[BlackElo "1946"]
[PlyCount "42"]
[EventDate "2013.09.07"]
[EventType "team-tourn"]
[EventRounds "9"]
[EventCountry "GER"]
[SourceTitle "EXT 2015"]
[Source "ChessBase"]
[SourceDate "2014.11.20"]
[SourceVersion "1"]
[SourceVersionDate "2014.11.20"]
[SourceQuality "1"]
[WhiteTeam "Beelen"]
[BlackTeam "Heiden"]
[WhiteTeamCountry "GER"]
[BlackTeamCountry "GER"]

1. e4 e5 2. Nf3 Nc6 3. Nc3 Nf6 4. a3 Be7 5. d4 exd4 6. Nxd4 Nxd4 7. Qxd4 d6 8. Bc4 0-0 9. 0-0 a6 10. Bf4 Nh5 11. Be3 Nf6 12. Rad1 Ng4 13. Nd5 Bf6 14. Nxf6+ Qxf6 15. h3 Ne5 16. Be2 Qg6 17. Kh1 Nc6 18. Qc4 Be6 19. Qd3 Ne5 20. Qd4 Nc6 21. Qd3 Ne5 1/2-1/2

[Event "Muensterland Verbandsliga 1314"]
[Site "Germany"]
[Date "2013.09.07"]
[Round "1.1"]
[White "Jacob, Helmut"]
[Black "Hofene, Dieter"]
[Result "1-0"]
[WhiteElo "2028"]
[BlackElo "1995"]
[PlyCount "55"]
[EventDate "2013.09.07"]
[EventType "team-tourn"]
[EventRounds "9"]
[EventCountry "GER"]
[SourceTitle "EXT 2015"]
[Source "ChessBase"]
[SourceDate "2014.11.20"]
[SourceVersion "1"]
[SourceVersionDate "2014.11.20"]
[SourceQuality "1"]
[WhiteTeam "Ochtrup"]
[BlackTeam "Beelen"]
[WhiteTeamCountry "GER"]
[BlackTeamCountry "GER"]

1. e4 c6 2. d4 d5 3. Nc3 g6 4. e5 Bg7 5. f4 h5 6. Nf3 Bg4 7. h3 Bxf3 8. Qxf3 e6 9. Bd3 Nh6 10. Ne2 Nd7 11. 0-0 Nf5 12. a4 Bf8 13. c3 h4 14. Bd2 a5 15. Kh2 Be7 16. Qf2 Nb6 17. b3 Kd7 18. Rfb1 Qc7 19. c4 Ke8 20. Qe1 Nd7 21. cxd5 exd5 22. b4 Nf8 23. bxa5 Ne6 24. Qf2 Ng3 25. a6 bxa6 26. Be3 Qa5 27. Ra2 Qc3 28. Nxc3 1-0

[Event "Muensterland Verbandsklasse-B 1213"]
[Site "Germany"]
[Date "2013.04.20"]
[Round "8.2"]
[White "Hofene, Dieter"]
[Black "Schroer, Klaus"]
[Result "0-1"]
[WhiteElo "1902"]
[BlackElo "1987"]
[PlyCount "48"]
[EventDate "2012.09.15"]
[EventType "team-tourn"]
[EventRounds "9"]
[EventCountry "GER"]
[SourceTitle "EXT 2015"]
[Source "ChessBase"]
[SourceDate "2014.11.20"]
[SourceVersion "1"]
[SourceVersionDate "2014.11.20"]
[SourceQuality "1"]
[WhiteTeam "Beelen"]
[BlackTeam "Borken"]
[WhiteTeamCountry "GER"]
[BlackTeamCountry "GER"]

1. e4 e5 2. Nf3 Nc6 3. Bc4 Bc5 4. 0-0 d6 5. c3 Nf6 6. Re1 Bg4 7. b4 Bb6 8. a4 a5 9. b5 Ne7 10. d3 Ng6 11. Nbd2 Qd7 12. Nf1 Nh4 13. Be3 Bxf3 14. Qb3 Qg4 15. Bxf7+ Kf8 16. Ng3 Bxg2 17. Be6 Qf3 18. Bxb6 cxb6 19. Re3 Qf4 20. Ne2 Qh6 21. Rg3 Bf3 22. Qc4 Nh5 23. Bg4 Nxg3 24. fxg3 Qe3+ 0-1

[Event "Muensterland op 30th"]
[Site "Senden"]
[Date "2012.10.10"]
[Round "6"]
[White "Hofene, Dieter"]
[Black "Rott, Georg"]
[Result "1/2-1/2"]
[WhiteElo "2068"]
[BlackElo "2183"]
[PlyCount "102"]
[EventDate "2012.10.06"]
[EventType "swiss"]
[EventRounds "9"]
[EventCountry "GER"]
[SourceTitle "EXT 2013"]
[Source "ChessBase"]
[SourceDate "2012.11.22"]
[SourceVersion "1"]
[SourceVersionDate "2012.11.22"]
[SourceQuality "1"]

1. e4 e6 2. d4 d5 3. Nc3 Bb4 4. exd5 exd5 5. Bd3 Nf6 6. Nge2 0-0 7. Bg5 c6 8. 0-0 Bg4 9. f3 Bc8 10. Ng3 h6 11. Bd2 Re8 12. Nce2 Bf8 13. c3 c5 14. dxc5 Bxc5+ 15. Kh1 Nc6 16. Bf4 Be6 17. Nf5 Nh5 18. Bg3 Nxg3+ 19. Nexg3 d4 20. Qc2 Rc8 21. Rad1 Qf6 22. Nh5 Qg5 23. Nhxg7 Bxf5 24. Nxf5 dxc3 25. bxc3 Bf8 26. Qb3 Rc7 27. Be4 b6 28. Nd6 Ree7 29. Rd5 Qf6 30. Rfd1 Na5 31. Qb5 Re6 32. Ne8 Qxc3 33. Nxc7 Qxc7 34. Qd7 Qc3 35. Qa4 Nc4 36. R5d3 Nb2 37. Rxc3 Nxa4 38. Rc8 Kg7 39. g3 Nc5 40. Bd5 Re7 41. Bc4 Nd7 42. f4 Nf6 43. Bb5 Re4 44. Rc7 Bc5 45. Rxa7 Rb4 46. Bc6 Rb2 47. h3 Nh5 48. Rd3 Bf2 49. Raa3 Bc5 50. Ra7 Bf2 51. Raa3 Bc5 1/2-1/2